000
00318nam a2200133Ia 4500
008
220216s9999 xx 000 0 und d
100
_a
Schnecko H
245
0
_a
Rubber recycling
260
_b
Kautschuk Gummi Kunststoffe
_c
1994
300
_a
885-890
650
_a
Natural rubber
650
_a
Recycling
942
_c
JS
999
_c
67945
_d
67945